| 000 | 00830nam a22002417a 4500 | ||
|---|---|---|---|
| 999 |
_c2137 _d2137 |
||
| 003 | AR-CdUCM | ||
| 008 | 190304b ||||| |||| 00| 0 spa d | ||
| 020 | _a968-16-1868-8 | ||
| 040 |
_aMUNICIPALIDAD PROVINCIAL DEL CUSCO _cBIBLIOTECA MUNICIPAL DEL CUSCO |
||
| 082 |
_a320.092 / _bH39 |
||
| 100 |
_aHenestrosa, Andrés _97705 |
||
| 245 |
_aLos Caminos de Juárez / _cHenestrosa, Andrés |
||
| 260 |
_aMexico : _bFondo de Cultura Económica, _c1972. |
||
| 300 |
_a50 paginas ; _c17cm. |
||
| 505 | _aLa cuna de Juarez -- El mar y la montaña -- La laguna encantada -- El muchacho de las montañas -- Niñez y mocedad... | ||
| 650 |
_aPoliticos _931 |
||
| 650 |
_aBiografia _9437 |
||
| 650 |
_aMexico _918 |
||
| 650 |
_aSiglo XX _98 |
||
| 700 |
_aLópez Castro, Rafael _94732 |
||
| 942 |
_2ddc _cLIBROS |
||
| 945 |
_apjha _d2019-03-04 |
||